Sports Quiz

Random Sports or NFL Quiz
Score 0/27 Timer 07:00
1 Play Today
TD Passes Quarterback % Correct
73Tom Brady
98.2%
40Peyton Manning
97.6%
18Eli Manning
97.2%
45Joe Montana
91.9%
44Brett Favre
87.4%
20Steve Young
85.1%
32Dan Marino
82.6%
34Drew Brees
80.3%
27John Elway
77.9%
30Ben Roethlisberger
77.1%
23Troy Aikman
76%
30Terry Bradshaw
75.6%
40Aaron Rodgers
74%
31Kurt Warner
68.1%
TD Passes Quarterback % Correct
24Donovan McNabb
66.7%
23Russell Wilson
65%
21Jim Kelly
64.7%
20Matt Ryan
63.5%
25Joe Flacco
63.4%
24Roger Staubach
59.9%
17Warren Moon
56.1%
15Bart Starr
56.1%
19Ken Stabler
40.4%
18Matt Hasselbeck
38.3%
16Bernie Kosar
22.8%
15Danny White
21.4%
19Daryle Lamonica
10.7%
Remove Ads.
Support Sporcle.
Get the best of Sporcle when you Go Orange. This ad-free experience offers more features, more stats, and more fun while also helping to support Sporcle. Thank you for becoming a member.

You're not logged in!

Compare scores with friends on all Sporcle quizzes.
OR
Log In

Show Comments

Extras

Top Quizzes Today


Score Distribution

Your Account Isn't Verified!

In order to create a playlist on Sporcle, you need to verify the email address you used during registration. Go to your Sporcle Settings to finish the process.

Report this User

Report this user for behavior that violates our Community Guidelines.

Details: